000 00608nam a22001937a 4500
005 20260413092945.0
008 260413b |||||||| |||| 00| 0 eng d
020 _a978-1-98467-952-9
082 _a375.001 T531 2023
110 _a3G E-Learning
_eauthor
_9387
245 _aCurriculum design and lesson planning /
_c3G E-Learning
250 _a3rd ed.
260 _aNew York:
_b3G E-Learning,
_cc2023
300 _axii, 430p.:
_bill. (some col.)
504 _aIncludes bibliographical references and index
541 _e7991 c.1.
650 _aCurriculum planning
_9459
650 _aEducation - Curricula
_9460
999 _c2585
_d2585